Songs of the Summer 1958-2017 - Statistics

General Stats
  • This quiz has been taken 13 times
  • The average score is 2 of 60
Answer Stats
Hint Answer % Correct
2017 Despacito
100%
1976 Don't Go Breaking My Heart
20%
1965 (I Can't Get No) Satisfaction
20%
2009 I Gotta Feeling
20%
2008 I Kissed A Girl
20%
1967 Light My FIre
20%
1990 Vision of Love
20%
1987 Alone
0%
1972 Alone Agan
0%
1974 Annie's Song
0%
1992 Baby Got Back
0%
1973 Bad, Bad Leroy Brown
0%
1979 Bad Girls
0%
2000 Bent
0%
2013 Blurred Lines
0%
2010 California Gurls
0%
2012 Call Me Maybe
0%
1993 Can't Help Falling In Love
0%
2015 Cheerleader
0%
2004 Confessions Part II
0%
2003 Crazy in Love
0%
1983 Every Breath You Take
0%
1991 (Everything I Do) I Do It For You
0%
1982 Eye of the Tiger
0%
2014 Fancy
0%
1963 Fingertips - Pt. 2
0%
1999 Genie in a Bottle
0%
2002 Hot in Herre
0%
1971 How Can You Mend A Broken Heart
0%
1977 I Just Want To Be Your Everything
0%
1997 I'll Be Missing You
0%
1960 I'm Sorry
0%
1969 In The Year 2525
0%
1994 I Swear
0%
1980 It's Still Rock and Roll To Me
0%
1981 Jessie's Girl
0%
1959 Lonely Boy
0%
1996 Macarena (Bayside Boys Mix)
0%
1958 Nel Blu Dipinto Di Blu (Volaré)
0%
2016 One Dance
0%
1975 One Of These Nights
0%
1986 Papa Don't Preach
0%
2011 Party Rock Anthem
0%
2006 Promiscuous
0%
1989 Right Here Waiting
0%
1988 Roll With It
0%
1962 Roses Are Red (My Love)
0%
1978 Shadow Dancing
0%
1985 Shout
0%
1998 The Boy Is Mine
0%
1970 (They Long To Be) Close To You
0%
1968 This Guy's In Love With You
0%
1961 Tossin' And Turnin'
0%
2007 Umbrella
0%
2001 U Remind Me
0%
1995 Waterfalls
0%
2005 We Belong Together
0%
1984 When Doves Cry
0%
1964 Where Did Our Love Go
0%
1966 Wild Thing
0%
No matching quizzes found
Score Distribution
Percent of People with Each Score
Percentile by Number Answered
Your Score History
You have not taken this quiz